000 01025nam a2200277 i 4500
001 7558
003 ES-MaACL
005 20231215062944.0
007 t|
008 910305s1990 sp ||||1| spa d
020 _a84-85354-37-4
080 _a087.5
080 _a82-343.4"18"
080 _a82(Lang,A.7 P.03=6)
100 1 _aLang, Andrew (
_d1844-1912)
_969997
245 1 3 _aLa Princesa Nadie
_b: un cuento de hadas /
_cAndrew Lang ; ilustraciones de Richard Doyle ; prologo y traduccion de Carmen Bravo-Villasante.
260 _aPalma de Mallorca :
_bJosé J. de Olañeta,
_c1990.
300 _aXIV, 55, [4] p. :
_bil. ;
_c22 cm.
490 1 _aErase una vez... Biblioteca de cuentos maravillosos ;
_v57
500 _aEjemp. n. 18 de una tirada de 2000.
700 1 _aDoyle, Richard.
_945555
700 1 _aBravo-Villasante, Carmen,
_d1918-1994
_931507
830 0 _aErase una vez... Biblioteca de cuentos maravillosos ;
_v57
_9177315
852 _aES-MaACL
_jL-14835
_bR.118872
_z. - rust.
999 _c7558
_d7558